000 00191nam a2200085Ia 4500
008 120527s9999 xx 000 0 und d
100 _aBoylan, Michael
245 _aBusiness ethics
942 _cBK
999 _c27190
_d27190